| 000 | 00957cad a22002175a 4500 | ||
|---|---|---|---|
| 001 | L160218 | ||
| 008 | 190409s2019 xxk f 000 0 eng d | ||
| 020 | _a9781783213481 | ||
| 035 | _a(Sirsi) u160218 | ||
| 041 | 0 | _aeng | |
| 100 | 1 | _aWalvekar, Girish | |
| 245 | 0 | 0 |
_aValuation and sale price 2019 _h[electronic resource] |
| 260 |
_aLondon _bRICS _c2019 |
||
| 490 | 0 | _aRICS Insights | |
| 520 | _aCompares data from the 2017 MSCI UK Annual Property Index against the sale prices of UK commercial property. It analyses the performance of the valuation profession in the UK property market by tracking the difference between valuations of real estate against actual sales. | ||
| 651 | 4 |
_aUnited Kingdom _y |
|
| 690 |
_aCommercial property _96227 |
||
| 700 | 1 | _aMoloney, Sarah | |
| 856 | 4 | 0 |
_uhttps://www.rics.org/globalassets/rics-website/media/knowledge/research/insights/valuation-and-sale-price-march-2019-rics.pdf _zView at www.rics.org |
| 942 | _n0 | ||
| 999 |
_c116281 _d116281 |
||